| 000 | 00846nam a22002897a 4500 | ||
|---|---|---|---|
| 999 |
_c14753 _d14753 |
||
| 003 | MIRAKIL | ||
| 005 | 20220118162015.0 | ||
| 008 | 220118b tu ||||| |||| 00| 0 tur d | ||
| 020 | _a9786059865128 | ||
| 040 |
_aTR-AnCHP _btur _cTR-AnCHP |
||
| 041 | _atur | ||
| 082 |
_a297.09 _bE45ö 2017 |
||
| 100 | _aEliaçık, R. İhsan | ||
| 245 |
_aÖteki İslam tarihi 3: _bkişiler, fikirler, metinler/ _cR. İhsan Eliaçık |
||
| 246 | _akişiler, fikirler, metinler | ||
| 260 |
_aİstanbul: _binşa yayınları, _c2017. |
||
| 300 |
_a592 s.: _c23 sm. |
||
| 504 | _aKaynakça vardır. | ||
| 650 |
_aİslam uygatrlığı _xTarih |
||
| 650 | _aİslam bilginleri | ||
| 650 | _aİslam filozofları | ||
| 650 | _aİslam felsefesi | ||
| 650 |
_aİslam _xTarih |
||
| 740 | _akişiler, fikirler, metinler | ||
| 942 |
_2ddc _cBKS |
||
| 999 | _d14753 | ||